| 000 | 00957cam a2200253 i 4500 | ||
|---|---|---|---|
| 999 |
_c7187 _d7187 |
||
| 020 |
_a9789866228339 _cNT$300 |
||
| 100 | 1 | _a原,利夫 | |
| 245 | 1 | 0 |
_a生男生女決定寶典 : _b<日本不孕症權威>大公開 _c原利夫著 ; 黃薇嬪譯 |
| 250 | _a初版 | ||
| 260 |
_a臺北市 : _b采實文化, _c民101[2012] |
||
| 300 |
_a187面 : _b部份彩圖, 表 ; _c21公分 |
||
| 490 | 0 |
_a兩性學系列 ; _v1. |
|
| 942 |
_2ccl _cBOOK |
||